| 000 | 00437nam a2200169 4500 | ||
|---|---|---|---|
| 001 | 11367 | ||
| 005 | 20230410121046.0 | ||
| 008 | 060907n1997 dr spa | ||
| 020 | _a9567014973 | ||
| 035 | _9funglode11456 | ||
| 041 | _aES | ||
| 050 | 1 | 4 | _aJL 2631 C535 1997 |
| 245 | 0 |
_aChile : _bpoliticas publicas durante el gobierno de Aylwin |
|
| 260 |
_aSantiago : _bLos Andes, _c1997 |
||
| 300 | _a325 p. | ||
| 942 |
_2lcc _cbk |
||
| 999 |
_c57126 _d57126 |
||